| 000 | 01154nam a2200301 i 4500 | ||
|---|---|---|---|
| 003 | EG-ScBUE | ||
| 005 | 20240214130737.0 | ||
| 008 | 180103s2013 su bo f b 001 0 ara d | ||
| 017 | _a1433 / 8432 | ||
| 020 | _a9786035034029 | ||
| 040 |
_aEG-ScBUE _bara _erda _cEG-ScBUE _dEG-ScBUE |
||
| 043 | _af-ua--- | ||
| 082 | 0 | 4 |
_a962.0240223 _bم غ ل _222 |
| 100 | 1 |
_aمغلوث، سامي بن عبد الله بن أحمد، _eمؤلف. |
|
| 245 | 1 | 0 |
_aأطلس تاريخ العصر المملوكي / _cتأليف وتصميم سامي بن عبد الله بن أحمد المغلوث. |
| 250 | _aالطبعة الأولى. | ||
| 264 | 1 |
_aالرياض : _bشركة العبيكان، _c2013. |
|
| 300 |
_a327 صفحة : _bخرائط ملونة، صور ملونة ؛ _c28 سم |
||
| 336 |
_2rdacontent _aنص _btxt |
||
| 337 |
_aبدون وسيط _2rdamedia _bn |
||
| 338 |
_aمجلد _bnc _2rdacarrier |
||
| 504 | _aيشتمل على إرجاعات ببليوجرافية وكشافات. | ||
| 650 | 7 |
_aالمماليك _xتاريخ _vأطالس. _2BUEsh |
|
| 651 | _2BUEsh | ||
| 653 |
_bGGEN _cJanuary2018 |
||
| 655 | _vReading book | ||
| 942 | _2ddc | ||
| 999 |
_c25848 _d25820 |
||